| 000 | 00812nam a22002537a 4500 | ||
|---|---|---|---|
| 003 | DO-SdBNP | ||
| 005 | 20221114131355.0 | ||
| 007 | ta | ||
| 008 | 221114b2019 dr ||||| |||| 00| 0 spa d | ||
| 020 | _a9789945580693 | ||
| 040 |
_aDO-SdBNP _bspa _cBNPHU |
||
| 082 | 4 | _222 | |
| 100 | 1 |
_aHernández Ramos, Pedro Pablo _940199 |
|
| 245 | 1 | 4 |
_aLos embargos / _cPedro Pablo Hernández Ramos ; editor Lennys Tejada Betancourt |
| 260 |
_aSantiago de los Caballeros, República Dominicana : _bUAPA, _c2019. |
||
| 300 |
_a372 p. ; _c27 cm. |
||
| 490 | 1 | _aAutoaprendizaje | |
| 500 | _aIncluye datos biográficos del autor en la contracubierta | ||
| 590 | _aInventariado, 2022/BT | ||
| 700 | 1 |
_aTejada Bethancourt, Lennys, _eed. _982818 |
|
| 830 | 0 |
_aAutoaprendizaje _91208 |
|
| 910 | _aBtavárez | ||
| 942 |
_2ddc _cLBS1 |
||
| 999 |
_c52912 _d52912 |
||